ՀՀ Գիտությունների ազգային ակադեմիայի հիմնարար գիտական գրադարան  =   Fundamental Scientific Library of NAS RA

Երկեր : (Record no. 526404)

MARC details
000 -LEADER
fixed length control field 01132nam a2200265 a 4500
001 - CONTROL NUMBER
control field 000268922
003 - CONTROL NUMBER IDENTIFIER
control field AM-YeNLA
005 - DATE AND TIME OF LATEST TRANSACTION
control field 20250618080106.0
008 - FIXED-LENGTH DATA ELEMENTS--GENERAL INFORMATION
fixed length control field 031006s1988 ai r 000 0 arm d
020 ## - INTERNATIONAL STANDARD BOOK NUMBER
International Standard Book Number 5550000385
040 ## - CATALOGING SOURCE
Original cataloging agency AM-YeHGA
041 0# - LANGUAGE CODE
Language code of text/sound track or separate title arm
090 ## - LOCALLY ASSIGNED LC-TYPE CALL NUMBER (OCLC); LOCAL CALL NUMBER (RLIN)
-- 564001
100 1# - MAIN ENTRY--PERSONAL NAME
Personal name Սարաֆյան, Նիկողոս,
Dates associated with a name 1902-1972
9 (RLIN) 1788
245 10 - TITLE STATEMENT
Title Երկեր :
Remainder of title Բանաստեղծություններ, Արձակ /
Statement of responsibility, etc. Ն. Սարաֆյան; Կազմ, առաջաբ. հեղ. և ծանոթագր.՝ Ալ. Էդ. Թոփչյան; Խմբ.՝ Ս.Գ. Սահակյան.
260 ## - PUBLICATION, DISTRIBUTION, ETC.
Place of publication, distribution, etc. Երևան :
Name of publisher, distributor, etc. Սովետական գրող,
Date of publication, distribution, etc. 1988.
300 ## - PHYSICAL DESCRIPTION
Extent 352 էջ ;
Dimensions 22 սմ.
440 #0 - SERIES STATEMENT/ADDED ENTRY--TITLE
Title Սփյուռքահայ գրողներ
500 ## - GENERAL NOTE
General note Ծանոթագր., էջ՝ 342-348
650 14 - SUBJECT ADDED ENTRY--TOPICAL TERM
Topical term or geographic name entry element Հայ գրականություն
General subdivision Պոեզիա
650 14 - SUBJECT ADDED ENTRY--TOPICAL TERM
Topical term or geographic name entry element Սփյուռքահայ գրականություն
General subdivision Արձակ
700 1# - ADDED ENTRY--PERSONAL NAME
Personal name Թոփչյան, Ալեքսանդր Էդուարդի,
Dates associated with a name 1939-
Relator term կազմ.
Relationship com
Relator term առաջաբ.
Relationship aui
Relator term ծանոթագր.
Relationship cmm
700 1# - ADDED ENTRY--PERSONAL NAME
Personal name Սահակյան, Ս.Գ.
Relator term խմբ.
Relationship edt
942 ## - ADDED ENTRY ELEMENTS (KOHA)
Source of classification or shelving scheme Universal Decimal Classification
Koha item type Գրքեր / Books
Holdings
Withdrawn status Lost status Source of classification or shelving scheme Damaged status Not for loan Collection Home library Current library Date acquired Total checkouts Full call number Barcode Date last seen Price effective from Koha item type Public note
    Universal Decimal Classification     General Fundamental Scientific Library Fundamental Scientific Library 05/05/2017   AII/78036 220078036 05/05/2017 05/05/2017 Գրքեր / Books 30 Days Loan
    Universal Decimal Classification     General Fundamental Scientific Library Fundamental Scientific Library 05/05/2017   AII/78560 220078560 05/05/2017 05/05/2017 Գրքեր / Books 30 Days Loan
    Universal Decimal Classification     General Fundamental Scientific Library Fundamental Scientific Library 05/05/2017   AII/78036 FL0207063 05/05/2017 05/05/2017 Գրքեր / Books 30 Days Loan


ՀՀ ԳԱԱ հիմնարար գիտական գրադարան
ՀՀ,Երևան 0019
Մարշալ Բաղրամյան 24/6
հեռախոս:(374-10) 52-47-50
Հետադարձ կապ

All site content, except where otherwise noted, is licensed under a
Creative Commons License